Estonian Political Parties - Statistics

General Stats
  • This quiz has been taken 31 times
  • The average score is 6 of 7
Answer Stats
Ideology Position Seats Answer % Correct
National conservatismRight-wing populism Right wing to far right 11 Conservative People's
96%
PlurinationalismPopulism Centre left 7 Estonian Centre
89%
LiberalismPro-Europeanism Centre right 39 Estonian Reform
86%
Social democracyPro-Europeanism Centre left 16 Social Democratic
82%
LiberalismSocial liberalism Centre 13 Estonia 200
75%
National conservatismChristian democracy Centre right to right wing 12 Fatherland
75%
National conservatismEthnofuturism Right wing to far right 3 Estonian Nationalists and Conservatives
46%
No matching quizzes found
Score Distribution
Percent of People with Each Score
Percentile by Number Answered
Your Score History
You have not taken this quiz